000 00344nam a2200145Ia 4500
008 150201s2009 xx 000 0 und d
082 _a617.6
_bP09A
100 _aANUSAVICE,K
245 _aPHILLIPS SCIENCE OF DENTAL MATERIALS
250 _a11TH
260 _bELESIVER
_aDELHI
_c2009
300 _a1-805
650 _aDENTISTRY
942 _2ddc
_cBK
999 _c424
_d424